000
00323nam a2200133Ia 4500
005
20251222141910.0
008
251222s9999||||xx |||||||||||||| ||spa||
020
_a
978-9972-05-074-9
082
_a
276.8/C76C
245
0
_a
Concilio Vaticano II:
250
_a
5a.ed.
264
_b
Conferencia Episcopal Peruana
942
_c
LIB
999
_c
8361
_d
8361